| 000 | 01096nas1a22002531i 4500 | ||
|---|---|---|---|
| 001 | RU\NLR\Per\1039327 | ||
| 005 | 20260407001259.0 | ||
| 035 | _a(NLR Aleph) 010387262 | ||
| 090 |
_a9660039 _c9660039 |
||
| 100 | _a20140521a20149999|||y0rusy50 ca | ||
| 101 | 0 | _arus | |
| 102 | _aRU | ||
| 110 | _aah||||||||| | ||
| 200 | 1 |
_aСоциальное здоровье: проблемы и решения _eнаучно-информационный теоретический журнал _fМежрегион. обществ. орг. "Ассоц. работников социал. служб" |
|
| 207 | 0 | _a2014, № 1 (1) - | |
| 210 |
_aМосква _cСоциальное обслуживание _d2014 - |
||
| 606 |
_aСоциальное здоровье _jПериодические издания _92111711 _3RU\NLR\AUTH\661276171 |
||
| 686 | 1 | _aС550.54я54 | |
| 712 | 0 | 2 |
_4570 _aАссоциация работников социальных служб _cМосква _3RU\NLR\AUTH\889991581 _9479122 |
| 852 |
_aNLR _jП23/8779 |
||
| 942 | _cJOURNAL | ||
| 980 | _aRUSPER | ||